Spell the Marvel Hero #82 - Statistics

General Stats
  • This quiz has been taken 12 times
  • The average score is 8 of 10
Answer Stats
Picture Answer % Correct
Angel
100%
War Machine
100%
Elsa Bloodstone
90%
Lockjaw
90%
Namorita
90%
Omega
90%
Shuri
80%
Wolfsbane
80%
Bombshell
20%
Frenzy
20%
No matching quizzes found
Score Distribution
Percent of People with Each Score
Percentile by Number Answered
Your Score History
You have not taken this quiz